000 01198nam a2200325 i 4500
003 EG-GICUC
005 20260121101441.0
008 251207s2004 ua ||||fr|||| 00| 0 ara d
017 _a2003/2875
020 _a9770312533
040 _a EG-GICUC
_bara
_c EG-GICUC
_d EG-GICUC
_erda
041 0 _aara
082 0 4 _221
_a343.3
_bن ب . و
092 0 4 _221
099 _aLaw1 10 343.3 ن ب . و 2004
100 0 _aنبيه صالح
_eمؤلف.
245 1 2 _aالوسيط في شرح في شرح مبادئ الاجراءات الجزائية :
_b(دراسة مقارنة).
_nالجزء الأول /
_cنبيه صالح.
264 1 _aالإسكندرية :
_bمنشأة المعارف،
_c2004.
300 _a565 صفحة ؛
_c24 سم.
336 _2rda content
_atext
337 _2rda media
_aComputer
338 _2rda carrier
_aOnline Resource
504 _a. 553-557 ببليوجرافيا: صفحات
546 _aالنص باللغة العربية
650 1 4 _aقانون الإجراءات الجنائية
650 1 4 _aالقانون الجنائي
856 4 0 _uhttps://fll.law.cu.edu.eg/fulltext/bks/B10-05674.pdf
905 _a77
_eHassnaa
942 _2ddc
_cBK
_e21
_n0
999 _c49089
_d49089